| 000 | 00697nam a2200217 u 4500 | ||
|---|---|---|---|
| 005 | 20240228064117.0 | ||
| 008 | 130206s2002 ea r 000 0 spa d | ||
| 020 | _a1932065016 | ||
| 035 | _aUPN01000189418 | ||
| 049 | _aI | ||
| 050 | 4 |
_aPZ7 _bS7.2 |
|
| 100 | 1 |
_aStarr, Meg _933457 |
|
| 245 | 1 | 3 |
_aEl día más feliz de Alicia / _cMeg Starr ; il. por Ying-hwa hu ; tr. por María Fiol. |
| 260 |
_aNew York : _bStar Bright Books, _cc2002. |
||
| 300 |
_a[25] p. : _bprincipalmente il. col. |
||
| 534 |
_pTraducción de: _tAlicia's happy day |
||
| 650 | 4 |
_aLibros y lectura para niños _92290 |
|
| 650 | 7 |
_aLiteratura infantil estadounidense _2 _99173 |
|
| 905 | _aInfantil | ||
| 999 |
_c161521 _d161521 |
||